Statistics for B-vel kezdődő országok zászlói

Click here to take the quiz!

General Stats

  • This quiz has been taken 3 times
  • The average score is 6 of 17

Answer Stats

Answer% Correct
Belgium
100%
Bolívia
67%
Brazília
67%
Bahama-szigetek
33%
Bahrein
33%
Banglades
33%
Barbados
33%
Belize
33%
Benin
33%
Bhután
33%
Bosznia-Hercegovina
33%
Botswana
33%
Bulgária
33%
Bissau-Guinea
0%
Brunei
0%
Burkina Faso
0%
Burundi
0%

Score Distribution

Percentile by Number Answered

Percent of People with Each Score

Your Score History

You have not taken this quiz